[Event "AUT-chT2O 0506"]
[Site "Austria"]
[Date "2006.02.25"]
[Round "8.5"]
[White "Kirschner, Alexander"]
[Black "Knoflicek, Ctibor"]
[Result "1/2-1/2"]
[WhiteElo "2201"]
[BlackElo "2192"]
[PlyCount "34"]
[EventDate "2005.11.19"]
[EventType "team"]
[EventRounds "11"]
[EventCountry "AUT"]
[SourceTitle "EXT 2006"]
[Source "ChessBase"]
[SourceDate "2005.11.24"]
[SourceVersion "1"]
[SourceVersionDate "2005.11.24"]
[SourceQuality "1"]
[WhiteTeam "Waehring"]
[BlackTeam "Donau"]
[WhiteTeamCountry "AUT"]
[BlackTeamCountry "AUT"]

1. c4 Nf6 2. Nc3 e5 3. Nf3 Nc6 4. e3 Bb4 5. Nd5 e4 6. Ng1 0-0 7. a3 Bd6 8. Ne2 Nxd5 9. cxd5 Ne5 10. Ng3 f5 11. d3 Qh4 12. dxe4 fxe4 13. Be2 Nd3+ 14. Bxd3 exd3 15. Qxd3 Bxg3 16. fxg3 Qh5 17. h3 d6 1/2-1/2

[Event "AUT-chT2O 0506"]
[Site "Austria"]
[Date "2005.11.20"]
[Round "4.3"]
[White "Pichler, Michael"]
[Black "Kirschner, Alexander"]
[Result "1/2-1/2"]
[WhiteElo "2185"]
[BlackElo "2201"]
[PlyCount "101"]
[EventDate "2005.11.19"]
[EventType "team"]
[EventRounds "11"]
[EventCountry "AUT"]
[SourceTitle "CBM 109 Extra"]
[Source "ChessBase"]
[SourceDate "2006.01.03"]
[SourceVersion "2"]
[SourceVersionDate "2006.01.03"]
[SourceQuality "1"]

1. e4 e6 2. Nc3 d5 3. d4 Bb4 4. e5 c5 5. a3 Ba5 6. b4 cxd4 7. Nb5 Bc7 8. f4 a5 9. Bd2 Nh6 10. Bd3 0-0 11. Qh5 Bd7 12. Nxc7 Qxc7 13. Nf3 Be8 14. Qh3 f5 15. exf6 Rxf6 16. g4 Rxf4 17. g5 Nf5 18. Bxf4 Qxf4 19. Bxf5 exf5 20. 0-0 Bb5 21. Rfe1 axb4 22. Qg3 Qxg3+ 23. hxg3 bxa3 24. Nxd4 Bd7 25. Re3 Nc6 26. Nxc6 Bxc6 27. Raxa3 Rxa3 28. Rxa3 Kf7 29. Ra8 Kg6 30. Rg8 d4 31. Rd8 Kxg5 32. Rxd4 h5 33. Rh4 Be4 34. c3 Kh6 35. Kf2 g5 36. Rh3 f4 37. gxf4 gxf4 38. c4 Kg5 39. Ra3 h4 40. Ra8 h3 41. Rg8+ Kf5 42. Rf8+ Ke5 43. Re8+ Kd4 44. Rh8 Bg2 45. Rh4 Kxc4 46. Rxf4+ Kc3 47. Rf5 Kb4 48. Rh5 b5 49. Ke3 Kc4 50. Kd2 b4 51. Kc2 1/2-1/2